Podział administracyjny Korei Północnej (z mapą) - Statystyki

Ogólne statystyki
  • Ten quiz został rozwiązany 11 razy
  • Średni wynik to 7 z 11
Odpowiedzi na mapie
Odpowiedzi zakodowano w zielono-czerwonej skali na mapie do tego quizu, zgodnie z poniższymi procentami.
 
Statystyki odpowiedzi
Odpowiedź % Poprawnych
Rasŏn
100%
Pjongjang
86%
Chagang
57%
Hamgyŏng Północny
57%
Hamgyŏng Południowy
57%
Kangwŏn
57%
P’yŏngan Północny
57%
P’yŏngan Południowy
57%
Ryanggang
57%
Hwanghae Północne
43%
Hwanghae Południowe
43%
Nie znaleziono quizów pasujących do podanych kryteriów
Rozkład punktacji
Procent ludzi z każdym wynikiem
Percentyl według liczby udzielonych odpowiedzi
Twoja historia wyników
Nie rozwiązałeś tego quizu